<?xml version="1.0" encoding="UTF-8"?>
<marc:record xmlns:marc="http://www.loc.gov/MARC21/slim">
   <marc:leader>00000nam a2200000 a 4500</marc:leader>
   <marc:datafield ind1="1" ind2=" " tag="100">
      <marc:subfield code="a">Brünger, Michael</marc:subfield>
      <marc:subfield code="4">edt</marc:subfield>
      <marc:subfield code="e">Bearbeiter/-in</marc:subfield>
   </marc:datafield>
   <marc:datafield ind1="1" ind2=" " tag="100">
      <marc:subfield code="a">Asmus, Wolfgang</marc:subfield>
      <marc:subfield code="4">ctb</marc:subfield>
      <marc:subfield code="e">Mitwirkende/-r</marc:subfield>
   </marc:datafield>
   <marc:datafield ind1=" " ind2=" " tag="653">
      <marc:subfield code="a">Jugendlicher Täter</marc:subfield>
   </marc:datafield>
   <marc:datafield ind1=" " ind2=" " tag="653">
      <marc:subfield code="a">Psychische Störung</marc:subfield>
   </marc:datafield>
   <marc:datafield ind1=" " ind2=" " tag="653">
      <marc:subfield code="a">Maßregelvollzug</marc:subfield>
   </marc:datafield>
   <marc:datafield ind1=" " ind2=" " tag="653">
      <marc:subfield code="a">Aufsatzsammlung</marc:subfield>
   </marc:datafield>
   <marc:datafield ind1="0" ind2="0" tag="245">
      <marc:subfield code="a">Psychisch kranke Straftäter im Jugendalter</marc:subfield>
   </marc:datafield>
   <marc:datafield ind1="0" ind2="0" tag="245">
      <marc:subfield code="c">Brünger ; Weissbeck (Hrsg.). Mit Beitr. von W. Asmus ...</marc:subfield>
   </marc:datafield>
   <marc:datafield ind1=" " ind2="1" tag="264">
      <marc:subfield code="a">Berlin</marc:subfield>
      <marc:subfield code="b">Med.-Wiss. Verl.-Ges.</marc:subfield>
      <marc:subfield code="c">2008</marc:subfield>
   </marc:datafield>
   <marc:datafield ind1="1" ind2=" " tag="520">
      <marc:subfield code="a">Angaben aus der Verlagsmeldung

Psychisch kranke Straftäter im Jugendalter / von Michael Brünger, Wolfgang Weissbeck

Psychisch kranke Straftäter im Jugendalter geraten zunehmend in den Fokus der Fachdiskussionen aller Disziplinen, die sich mit Delinquenz und abweichendem Verhalten beschäftigen.
• Nehmen wir psychische Krankheit bei jungen Häftlingen zu wenig wahr?
• Ist die Zahl der Begutachtungen bei jungen Straftätern angemessen?
• Bietet der Maßregelvollzug eindeutige Chancen der Resozialisierung?

Das Werk richtet sich an die Fachöffentlichkeit aus den Bereichen der Kinder- und Jugendpsychiatrie, Justiz und Jugendhilfe.

Aus diesen drei Bereichen stellen Autoren die Grundlagen der Arbeit mit psychisch kranken Straftätern im Jugendalter dar.
Dabei haben die rechtlichen Grundlagen und die Erwartungshaltung der Justiz an die Sachverständigen einen besonderen Stellenwert.
Konzepte des Maßregelvollzugs stehen den Ansätzen der Jugendhilfe gegenüber. Zudem enthält das Werk einen Überblick über bundesweite Erhebungen zur Gruppe der psychisch kranken delinquenten Jugendlichen.

I Psychisch kranke Straftäter-eine interdisziplinäre Herausforderung
• Dissozialität - ein Überblick
• ""Schwachsinn“ – ein Unterbringungsgrund im Maßregelvollzug
• Jugendliche Straftäterinnen – Entwicklungsdefizite, Persönlichkeit und Tatdynamik

II Rechtliche Aspekte
• Juristische Voraussetzungen der strafrechtlichen Verantwortlichkeit bei Jugendlichen – Möglichkeiten und Grenzen des Sachverständigen
• Übersicht zu den rechtlichen Voraussetzungen der Anordnung und den Grundlagen des Vollzugs sowie der Vollzugspraxis
• Erwartungen an den Maßregelvollzug aus gutachterlicher Sicht- Kriterien für die Empfehlung von § 63/64 StGB
• Anforderungen an den Maßregelvollzug aus Sicht der Besuchskommission

III Jugendstrafvollzug
• Möglichkeiten der Therapie im Jugendstrafvollzug
• Kriminologische Interventionsplanung bei jungen Straffälligen

IV Jugendhilfe
• Geschlossene Unterbringung in der Jugendhilfe. Positionen und Perspektiven zu einem immer wieder kontroversen Thema
• Möglichkeiten und Grenzen der Jugendhilfe - kann Maßregelvollzug durch Jugendhilfemaßnahmen vermieden werden?

V Praxis des Maßregelvollzugs
• Praxis des Maßregelvollzugs Konzeption der Sozialtherapeutischen Abteilung im Pfalzinstitut Klingenmünster
• Das Modell Arnsdorf – Gestaltung des Therapieprozesses im Jugendmaßregelvollzug
• Maßregelvollzug für Jugendliche
</marc:subfield>
   </marc:datafield>
   <marc:datafield ind1=" " ind2=" " tag="020">
      <marc:subfield code="a">9783939069461</marc:subfield>
      <marc:subfield code="9">9783939069461</marc:subfield>
   </marc:datafield>
   <marc:datafield ind1=" " ind2=" " tag="020">
      <marc:subfield code="a">3939069469</marc:subfield>
      <marc:subfield code="9">3939069469</marc:subfield>
   </marc:datafield>
   <marc:datafield ind1=" " ind2=" " tag="041">
      <marc:subfield code="a">ger</marc:subfield>
   </marc:datafield>
   <marc:datafield ind1=" " ind2=" " tag="300">
      <marc:subfield code="a">XII, 196 S.</marc:subfield>
   </marc:datafield>
</marc:record>
